| 000 | 00348nam a2200145Ia 4500 | ||
|---|---|---|---|
| 008 | 150201s2007 xx 000 0 und d | ||
| 082 |
_a610.73023 _bP07B |
||
| 100 | _aBLAIS KATHLEEN KOERING | ||
| 245 | _aPROFESSIONAL NURSING PRACTICE | ||
| 250 | _a5TH | ||
| 260 |
_bPEARSON _aINDIA _c2007 |
||
| 300 | _a460 | ||
| 650 | _aNURSING | ||
| 942 |
_2ddc _cBK |
||
| 999 |
_c2044 _d2044 |
||